Gaming Quiz

Random Gaming or Pokémon Quiz

Pokemon Card Illustraters Quiz Stats

 Plays Quiz not verified by Sporcle

Score 0/9 Timer 15:00
0 Plays Today
Name % Correct
Ken Sugimori
66.7%
Shizurow
25%
Ryo Ueda
25%
Kagemaru Himeno
25%
Shin-Ichi Yoshida
8.3%
Aya Kusube
8.3%
Misturio Arita
0%
Nakaoka
0%
Kouki Satiou
0%

You're not logged in!

Compare scores with friends on all Sporcle quizzes.
OR
Log In

Show Comments

Extras

Created Oct 28, 2010ReportNominate
Tags:Pokémon Quiz, illustrated

Top Quizzes Today


Score Distribution

Your Account Isn't Verified!

In order to create a playlist on Sporcle, you need to verify the email address you used during registration. Go to your Sporcle Settings to finish the process.

Report this User

Report this user for behavior that violates our Community Guidelines.

Details: